| 000 | 00547nam a22001577a 4500 | ||
|---|---|---|---|
| 999 |
_c534256 _d534256 |
||
| 020 | _qHard Cover. | ||
| 082 | _a620.44 | ||
| 100 | _aNaseer, Hashim | ||
| 245 |
_aSynthesis and Characterization of RGO/ZINC Ferrite Composite through Thermochemical Approch / _cHashim Naseer. |
||
| 260 |
_aIslamabad: _bSCME - NUST, _c2017. |
||
| 300 |
_a65 p. : _bill. ; _c30cm. |
||
| 942 |
_2ddc _cTHE |
||
| 650 |
_aMaterial and Surface Engineering MS-Thesis. _916443 |
||
| 700 |
_aDr. Iftikhar H. Gul _917169 |
||